000
00401nam a2200169Ia 4500
008
090123s9999 xx 000 0 und d
082
_b
6541
100
_a
दामले आशा
245
_a
भूमी
250
_a
1
300
_a
140
600
_a
दामले आशा
630
_a
भूमी
700
_a
दामले आशा
730
_a
भूमी
942
_c
BOOK
999
_c
44606
_d
44606